Δίκαιο των Ευρωπαϊκών Κοινότητων και της Ευρωπαϊκής Ένωσης (Record no. 2929)
[ view plain ]
| 000 -LEADER | |
|---|---|
| fixed length control field | 01728cam a22002054a 4500 |
| 005 - ΗΜΕΡΟΜΗΝΙΑ ΚΑΙ ΩΡΑ ΤΕΛΕΥΤΑΙΑΣ ΕΝΗΜΕΡΩΣΗΣ | |
| Πεδίο ελέγχου | 20250605164058.0 |
| 008 - FIXED-LENGTH DATA ELEMENTS--GENERAL INFORMATION | |
| Πεδίο ελέγχου σταθερού μήκους | 250528s ||||||||||||||||||||||||d |
| 035 ## - SYSTEM CONTROL NUMBER | |
| System control number | 17521 |
| 020 ## - ISBN | |
| ISBN | 9603015296 |
| 040 ## - ΠΗΓΗ ΚΑΤΑΛΟΓΟΓΡΑΦΗΣΗΣ | |
| Φορέας πρωτότυπης καταλογογράφησης | MC Athens Campus Library |
| Γλώσσα καταλογογράφησης | Ελληνικά, Μοντέρνα (1453-) |
| Modifying agency | MC Athens Campus Library |
| Κανόνες περιγραφικής καταλογογράφησης | AACR2 |
| 245 1# - ΤΙΤΛΟΣ ΚΑΙ ΔΗΛΩΣΗ ΥΠΕΥΘΥΝΟΤΗΤΑΣ | |
| Τίτλος | Δίκαιο των Ευρωπαϊκών Κοινότητων και της Ευρωπαϊκής Ένωσης |
| 260 ## - PUBLICATION, DISTRIBUTION, ETC. | |
| Name of publisher, distributor, etc. | Σάκκουλα, |
| Date of publication, distribution, etc. | 2000 |
| 300 ## - PHYSICAL DESCRIPTION | |
| Extent | 338 |
| 520 ## - SUMMARY, ETC. | |
| Summary, etc. | Πρόλογος, Κυριότερες Συντομογραφίες, Εισαγωγική Προσέγγιση της Ευρωπαϊκής Ολοκλήρωσης και του Δικαίου και των Θεσμών της, Θεμελιώδη Χαρακτηριστικά του Κοινοτικού και Ενωσιακού Θεσμικού Συστήματος, Τα Θεσμικά Όργανα των Ευρωπαϊκών Κοινότητων και της Ευρωπαϊκής Ένωσης, Οι Πηγές του Κοινοτικού Δικαίου και του Δικαίου της Ένωσης, Σχέσεις Εθνικού και Κοινοτικού Δικαίου - Τα Χαρακτηριστικά του Κοινοτικού Δικαίου, Η Έννομη Προστασία στην Ευρωπαϊκή Κοινότητα και την Ευρωπαϊκή Ένωση, Ενδεικτική Βιβλιογραφία, Νομολογία του Δικαστηρίου και του Πρωτοδικείου των Ευρωπαϊκών Κοινότητων, Αναλυτικός Πίνακας Περιεχομένων. |
| 700 1# - ΠΡΟΣΘΕΤΗ ΑΝΑΓΡΑΦΗ--ΦΥΣΙΚΟ ΠΡΟΣΩΠΟ | |
| Personal name | Σαχπεκίδου Ε. Ρ |
| 9 (RLIN) | 3665 |
| 700 1# - ΠΡΟΣΘΕΤΗ ΑΝΑΓΡΑΦΗ--ΦΥΣΙΚΟ ΠΡΟΣΩΠΟ | |
| Personal name | Στάγκος Π. Ν |
| 9 (RLIN) | 3666 |
| 942 ## - ADDED ENTRY ELEMENTS (KOHA) | |
| Koha item type | Books |
| Τύπος τεκμηρίου | Βιβλιοθήκη | Τρέχουσα τοποθεσία | Barcode | Αριθμός εισαγωγής | Ημερομηνία απόκτησης | Ταξιθετικό σύμβολο | Αριθμός αντιτύπου | Κατάσταση απόσυρσης | Κατάσταση χαμένου | Κατάσταση κατεστραμμένου | Μη δανεισμός | Σύνολο δανεισμών | Ημερομηνία τελευταίας εμφάνισης | Η τιμή ισχύει από |
|---|---|---|---|---|---|---|---|---|---|---|---|---|---|---|
| Books | MC Athens Campus Library | MC Athens Campus Library | 9780000029287 | 5808 | 05/06/2025 | 337.142 STA | 1 | 05/06/2025 | 05/06/2025 |